Origenes de la vida eclesiastica de Guarne (Registro nro. 255161)

Detalles MARC
001 - NÚMERO DE CONTROL
campo de control 779221
005 - FECHA Y HORA DE LA ÚLTIMA TRANSACCIÓN
campo de control 20240201183757.0
008 - DATOS DE LONGITUD FIJA--INFORMACIÓN GENERAL
campo de control de longitud fija 021010 spa
035 ## - NÚMERO DE CONTROL DEL SISTEMA
Número de control de sistema 779221
035 ## - NÚMERO DE CONTROL DEL SISTEMA
Número de control de sistema (OCoLC)819992495
040 ## - FUENTE DE LA CATALOGACIÓN
Centro/agencia transcriptor comduadb
041 ## - CÓDIGO DE LENGUA
Código de lengua del texto/banda sonora o título independiente spa
245 10 - MENCIÓN DE TÍTULO
Título Origenes de la vida eclesiastica de Guarne
650 ## - PUNTO DE ACCESO ADICIONAL DE MATERIA--TÉRMINO DE MATERIA
Término de materia o nombre geográfico como elemento de entrada Guarne (Antioquia) - Historia
9 (RLIN) 43455
650 ## - PUNTO DE ACCESO ADICIONAL DE MATERIA--TÉRMINO DE MATERIA
Término de materia o nombre geográfico como elemento de entrada Sacerdotes - Antioquia
9 (RLIN) 88367
650 ## - PUNTO DE ACCESO ADICIONAL DE MATERIA--TÉRMINO DE MATERIA
Término de materia o nombre geográfico como elemento de entrada Sacerdotes - Vida religiosa
9 (RLIN) 15961
650 ## - PUNTO DE ACCESO ADICIONAL DE MATERIA--TÉRMINO DE MATERIA
Término de materia o nombre geográfico como elemento de entrada Parroquias - Historia
9 (RLIN) 63363
773 0# - ENLACE AL DOCUMENTO FUENTE/ENTRADA DE REGISTRO ANFITRIÓN
Título Distritos (Medellín)
Parte(s) relacionada(s) No. 42, Dic. 1987. Guarne, p. 11, 48
Número de control del registro 632150
Número bibliográfico anfitrión 160633
942 ## - ELEMENTOS DE ENTRADA AGREGADA (KOHA)
Tipo de ítem Koha Artículo de Revista

No hay ítems disponibles.